| 000 | 00470nam a2200193 4500 | ||
|---|---|---|---|
| 003 | LK-CoMWRAF | ||
| 005 | 20230925220823.0 | ||
| 008 | 230925b |||||||| |||| 00| 0 eng d | ||
| 020 | _a9780553248647 | ||
| 040 |
_aLK-CoMWRAF _dLK-CoMWRAF _eLK-CoMWRAF |
||
| 041 | _aeng | ||
| 082 |
_a823 _bURI |
||
| 100 | _aUri, Leon | ||
| 245 | _aThe Haj | ||
| 260 |
_aLondon : _bDeutsch, _c1984 |
||
| 300 | _a566p. : 2col.maps ; 24cm. | ||
| 650 | _aEnglish Fiction | ||
| 942 | _cBK | ||
| 999 |
_c3673 _d3673 |
||